<The> world of learning 1998

Salvato in:
Dettagli Bibliografici
Natura: Libro
Lingua:inglese
Pubblicazione: London Europa Publications Limited 1997
Edizione:48. ed.
Soggetti:
Tags: Aggiungi Tag
Nessun Tag, puoi essere il primo ad aggiungerne!!

MARC

LEADER 00000nam a2200000 4500
001 c100525
005 20221124075044.7
020 |a 1-85743-039-5 
022 |a 0084-2117 
041 0 |a eng 
044 |a GB 
245 1 0 |a <The> world of learning 1998 
250 |a 48. ed. 
264 1 |a London  |b Europa Publications Limited  |c 1997 
300 |a 2050 s. 
610 2 0 |a vzdelávanie 
610 2 0 |a školstvo 
610 2 0 |a veda 
610 2 0 |a kultúra 
610 2 0 |a svet 
610 2 0 |a 1998